| 000 | 00661na a2200229 4500 | ||
|---|---|---|---|
| 001 | 19861 | ||
| 003 | MIRAKIL | ||
| 005 | 20181213155258.0 | ||
| 008 | 180117b tu 000 0 | ||
| 035 | _a19861 | ||
| 040 |
_aMilas _btur _cTR-AnCHP |
||
| 041 | _atur | ||
| 082 |
_a351.77256 _bU52i 2003 |
||
| 090 | _a351.77256 U52i 2003 | ||
| 100 | _aUnakıtan, Kemal | ||
| 245 |
_a2004 yılı bütçe sunuş konuşması _b(TBMM Genel Kurulu) _cKemal Unakıtan |
||
| 260 |
_a[Ankara] _bMaliye Bakanlığı _c2003 |
||
| 300 |
_a58 s. _c20 sm. |
||
| 610 |
_aMaliye Bakanlığı _xBütçe görüşmeleri |
||
| 650 |
_aTBMM _xMeclis konuşmaları |
||
| 942 |
_2ddc _cBKS |
||
| 999 |
_c9830 _d9830 |
||